<?xml version="1.0" encoding="UTF-8"?>
<collection xmlns="http://www.loc.gov/MARC21/slim">
<record>
  <controlfield tag="001">6624</controlfield>
  <controlfield tag="005">20240123112707.0</controlfield>
  <datafield tag="037" ind1=" " ind2=" ">
    <subfield code="a">DATASET-2024-0006</subfield>
  </datafield>
  <datafield tag="100" ind1=" " ind2=" ">
    <subfield code="a">Pottiaux, Eric</subfield>
  </datafield>
  <datafield tag="245" ind1=" " ind2=" ">
    <subfield code="a">Key Performance Indicators and metrics from ROB’s operational final GNSS position and tropospheric delay estimates computed in the context of its E-GVAP participation (from 1st Jan 2023 until 31 Dec 2023)</subfield>
  </datafield>
  <datafield tag="260" ind1=" " ind2=" ">
    <subfield code="c">2023</subfield>
  </datafield>
  <datafield tag="594" ind1=" " ind2=" ">
    <subfield code="a">STCE</subfield>
  </datafield>
  <datafield tag="856" ind1="0" ind2=" ">
    <subfield code="f">eric.pottiaux@ksb-orb.be</subfield>
  </datafield>
  <datafield tag="980" ind1=" " ind2=" ">
    <subfield code="a">DATASET</subfield>
  </datafield>
</record>
</collection>